El Presidente, en el Museo Marítimo
Publicado:
San Jorge, núm. 84 (4t trimestre 1971), pàg. 148 - 149 :
MARC
| LEADER | 00000nam a2200000Ia 4500 | ||
|---|---|---|---|
| 008 | 160829s9999 xx 000 0 cat d | ||
| 245 | |a El Presidente, en el Museo Marítimo | ||
| 260 | |a San Jorge, núm. 84 (4t trimestre 1971), pàg. 148 - 149 | ||
| 600 | 0 | |a Muller i d'Abadal, Josep M., |d 1919-1981 |9 28922 | |
| 650 | |a Museu Marítim (Barcelona) | ||
| 650 | 0 | |a Visites oficials |z Barcelona (Catalunya) |9 31008 | |
| 901 | |a Arxiu | ||
| 942 | |n 1 |2 udc | ||
| 952 | |0 0 |1 0 |4 0 |7 1 |9 50380 |a Arxiu |b Arxiu |d 2016-12-01 |l 0 |r 2016-12-01 00:00:00 |w 2016-12-01 |y ARXIU | ||
| 999 | |c 54222 |d 54222 | ||